Инновационные подходы при создании ракетно-космической техники. Унификация как проектный параметр управления эффективностью: монография

Manylion Llyfryddiaeth
Prif Awdur: Медведев А. А. Александр Алексеевич
Awduron Corfforaethol: Роскосмос Библиотека, Центральный научно-исследовательский институт машиностроения, Московский авиационный институт
Crynodeb:Монография посвящена инновационным подходам при создании перспективных образцов ракетно-космической техники, развивает методологические положения, сформулированные до 2001 года. Приводятся примеры практического применения автором этих подходов при формировании облика различных средств выведения и систем космических аппаратов в современных условиях. В монографии показано, как благодаря использованию уже на начальной стадии проектирования унификации в качестве проектного параметра можно повысить эффективность ракетно-космической техники. Издание адресовано специалистам, научным работникам, преподавателям в области космического машиностроения, смежных областях экономики и управления, студентам вузов.
Iaith:Rwseg
Cyhoeddwyd: Москва, Доброе слово и Ко, 2020
Rhifyn:[2-е изд.]
Cyfres:Библиотека Госкорпорации "Роскосмос"
Pynciau:
Fformat: Llyfr
KOHA link:https://koha.lib.tpu.ru/cgi-bin/koha/opac-detail.pl?biblionumber=345676

MARC

LEADER 00000nam0a2200000 4500
001 345676
005 20231102005812.0
010 |a 9785604357705 
035 |a (RuTPU)RU\TPU\book\377529 
090 |a 345676 
100 |a 20210208d2020 k y0rusy50 ca 
101 0 |a rus 
102 |a RU 
105 |a a z 001zy 
200 1 |a Инновационные подходы при создании ракетно-космической техники. Унификация как проектный параметр управления эффективностью  |e монография  |f А. А. Медведев  |g Роскосмос, Библиотека ; Центральный научно-исследовательский институт машиностроения ; Московский авиационный институт 
205 |a [2-е изд.] 
210 |a Москва  |c Доброе слово и Ко  |d 2020 
215 |a 398 с.  |c ил. 
225 1 |a Библиотека Госкорпорации "Роскосмос" 
320 |a Библиогр.: с. 380-389 
320 |a Перечень сокращений: с. 390-395 
330 |a Монография посвящена инновационным подходам при создании перспективных образцов ракетно-космической техники, развивает методологические положения, сформулированные до 2001 года. Приводятся примеры практического применения автором этих подходов при формировании облика различных средств выведения и систем космических аппаратов в современных условиях. В монографии показано, как благодаря использованию уже на начальной стадии проектирования унификации в качестве проектного параметра можно повысить эффективность ракетно-космической техники. Издание адресовано специалистам, научным работникам, преподавателям в области космического машиностроения, смежных областях экономики и управления, студентам вузов. 
606 1 |a Космическое приборостроение  |2 stltpush  |3 (RuTPU)RU\TPU\subj\15875  |9 42079 
606 1 |a Ракеты космические  |2 stltpush  |3 (RuTPU)RU\TPU\subj\23773  |9 48306 
610 1 |a космические аппараты 
610 1 |a средства выведения 
610 1 |a создание 
610 1 |a ракетно-космические комплексы 
610 1 |a отечественные образцы 
610 1 |a инновационные подходы 
610 1 |a практическое применение 
610 1 |a монографии 
675 |a 629.785  |v 4 
675 |a 629.765  |v 4 
700 1 |a Медведев  |b А. А.  |g Александр Алексеевич 
712 0 2 |a Роскосмос  |b Библиотека  |c Государственная корпорация  |c (2015- )  |2 stltpush  |3 (RuTPU)RU\TPU\col\27719 
712 0 2 |a Центральный научно-исследовательский институт машиностроения  |c (Москва)  |2 stltpush  |3 (RuTPU)RU\TPU\col\27720 
712 0 2 |a Московский авиационный институт  |c (1930- )  |2 stltpush  |3 (RuTPU)RU\TPU\col\3642  |9 23867 
801 1 |a RU  |b 63413507  |c 20210208 
801 2 |a RU  |b 63413507  |c 20220711  |g RCR 
942 |c BK 
959 |a 8/20220531  |d 1  |e 3830,00  |f УФ:1